[Event "GER-ch U16 Girls"]
[Site "Magdeburg"]
[Date "2014.06.08"]
[Round "1"]
[White "Wiesner, Paula"]
[Black "Lemke, Berfin"]
[Result "1/2-1/2"]
[WhiteElo "1981"]
[BlackElo "1727"]
[PlyCount "60"]
[EventDate "2014.06.08"]
[EventType "swiss"]
[EventRounds "9"]
[EventCountry "GER"]
[SourceTitle "CBM 160 Extra"]
[Source "ChessBase"]
[SourceDate "2014.07.01"]
[SourceVersion "1"]
[SourceVersionDate "2014.07.01"]
[SourceQuality "1"]

1. e4 c5 2. c3 d5 3. exd5 Qxd5 4. d4 cxd4 5. cxd4 Nc6 6. Nf3 e5 7. Nc3 Bb4 8. Bd2 Bxc3 9. Bxc3 e4 10. Ne5 Nxe5 11. dxe5 Ne7 12. Qxd5 Nxd5 13. Bd4 0-0 14. Bc4 Be6 15. 0-0 Rfd8 16. Rfd1 a6 17. Bb3 Rac8 18. Kf1 h6 19. Re1 Bf5 20. Rad1 Nb4 21. Bb6 Rxd1 22. Rxd1 Nd3 23. Bd4 Rd8 24. Bc3 b5 25. a3 Rd7 26. Bc2 Rd5 27. Bxd3 Rxd3 28. Rxd3 exd3 29. f4 h5 30. Kf2 Kf8 1/2-1/2

[Event "GER-chT North U16"]
[Site "Greifswald"]
[Date "2013.09.13"]
[Round "3.3"]
[White "Wanner, Lukas"]
[Black "Lemke, Berfin"]
[Result "0-1"]
[WhiteElo "1817"]
[BlackElo "1695"]
[PlyCount "78"]
[EventDate "2013.09.12"]
[EventType "team-swiss"]
[EventRounds "7"]
[EventCountry "GER"]
[SourceTitle "EXT 2014"]
[Source "ChessBase"]
[SourceDate "2013.11.20"]
[SourceVersion "1"]
[SourceVersionDate "2013.11.20"]
[SourceQuality "1"]
[WhiteTeam "Kiel Doppelbauer"]
[BlackTeam "Hamburg Koenigsspringer"]
[WhiteTeamCountry "GER"]
[BlackTeamCountry "GER"]

1. d4 Nf6 2. Nf3 e6 3. e3 b6 4. Bd3 Bb7 5. 0-0 c5 6. Nbd2 cxd4 7. exd4 Be7 8. b3 0-0 9. Bb2 d6 10. c4 Nbd7 11. Qc2 Rc8 12. Rac1 b5 13. Bc3 bxc4 14. bxc4 Qc7 15. Rfe1 Bd8 16. Bb4 Qc6 17. Ne4 Bc7 18. Nc3 a6 19. Qb3 Rfd8 20. Red1 Nb6 21. a4 d5 22. cxd5 Nbxd5 23. Bc5 Nxc3 24. Rxc3 Ba5 25. Rcc1 Qd7 26. Bc4 Bd5 27. Ne5 Bxc4 28. Qxc4 Qb7 29. Rb1 Qa8 30. f4 Nd5 31. Rb3 Nxf4 32. Rf3 Qe4 33. Rf2 Bb6 34. Qf1 Bxc5 35. Rxf4 Bxd4+ 36. Rxd4 Qe3+ 37. Rf2 Rxd4 38. Nxf7 Rc1 39. Nh6+ gxh6 0-1

[Event "GER-ch U16 Girls"]
[Site "Oberhof"]
[Date "2013.05.23"]
[Round "7"]
[White "Lemke, Berfin"]
[Black "Heinemann, Josefine"]
[Result "0-1"]
[WhiteElo "1574"]
[BlackElo "1970"]
[PlyCount "86"]
[EventDate "2013.05.19"]
[EventType "swiss"]
[EventRounds "9"]
[EventCountry "GER"]
[SourceTitle "CBM 154 Extra"]
[Source "ChessBase"]
[SourceDate "2013.06.25"]
[SourceVersion "2"]
[SourceVersionDate "2013.06.25"]
[SourceQuality "1"]

1. e4 c5 2. Nf3 e6 3. c3 Nf6 4. e5 Nd5 5. d4 cxd4 6. cxd4 d6 7. Bd2 Nc6 8. Nc3 Be7 9. Bc4 Nb6 10. Bb3 0-0 11. 0-0 Bd7 12. Ne4 dxe5 13. dxe5 Qc7 14. Qc2 h6 15. Qc1 Rac8 16. Bf4 g5 17. Bg3 Na5 18. Nd4 Qxc1 19. Raxc1 Rxc1 20. Rxc1 Nxb3 21. Nxb3 Nd5 22. Na5 Rb8 23. a3 b6 24. Nb3 Rc8 25. Rxc8+ Bxc8 26. Nd4 Bb7 27. Nd6 Bxd6 28. exd6 Kf8 29. h4 Ke8 30. hxg5 hxg5 31. Nf3 f6 32. Nd2 Nf4 33. f3 Ne2+ 34. Kf2 Nxg3 35. Kxg3 Kd7 36. Kg4 Kxd6 37. g3 Ke5 38. Kh5 Kd4 39. Kg6 Ke3 40. Ne4 Bxe4+ 41. fxe4 Kxe4 42. Kxf6 g4 43. Kg5 Kf3 0-1

[Event "GER-chT Lands U20"]
[Site "Hannover"]
[Date "2012.10.03"]
[Round "7.8"]
[White "Lemke, Berfin"]
[Black "Lohrmann, Tabea"]
[Result "1/2-1/2"]
[WhiteElo "1595"]
[BlackElo "1449"]
[PlyCount "46"]
[EventDate "2012.09.29"]
[EventType "team-swiss"]
[EventRounds "7"]
[EventCountry "GER"]
[SourceTitle "CBM 150 Extra"]
[Source "ChessBase"]
[SourceDate "2012.10.19"]
[SourceVersion "1"]
[SourceVersionDate "2012.10.19"]
[SourceQuality "1"]
[WhiteTeam "Hamburg"]
[BlackTeam "Baden"]
[WhiteTeamCountry "GER"]
[BlackTeamCountry "GER"]

1. e4 e5 2. Nf3 Nc6 3. d4 exd4 4. Nxd4 d5 5. Bb5 Nge7 6. Nc3 dxe4 7. Bxc6+ Nxc6 8. Nxc6 Qxd1+ 9. Kxd1 bxc6 10. Nxe4 Bd6 11. Be3 0-0 12. c3 Re8 13. Ng3 f5 14. Ne2 a6 15. g3 Bb7 16. Kc2 c5 17. Rhe1 Be4+ 18. Kc1 Rab8 19. Ng1 c4 20. Ne2 Bd3 21. Nf4 Bxf4 22. gxf4 g6 23. Rd1 Red8 1/2-1/2

[Event "GER-chT Lands U20"]
[Site "Hannover"]
[Date "2012.09.30"]
[Round "3.8"]
[White "Lemke, Berfin"]
[Black "Halas, Julia"]
[Result "1-0"]
[WhiteElo "1595"]
[BlackElo "1446"]
[PlyCount "114"]
[EventDate "2012.09.29"]
[EventType "team-swiss"]
[EventRounds "7"]
[EventCountry "GER"]
[SourceTitle "CBM 150 Extra"]
[Source "ChessBase"]
[SourceDate "2012.10.19"]
[SourceVersion "1"]
[SourceVersionDate "2012.10.19"]
[SourceQuality "1"]
[WhiteTeam "Hamburg"]
[BlackTeam "Sachsen"]
[WhiteTeamCountry "GER"]
[BlackTeamCountry "GER"]

1. e4 e5 2. Nf3 Nf6 3. Nxe5 d6 4. Nf3 Nxe4 5. c4 Be6 6. Nc3 Nxc3 7. dxc3 Be7 8. Bd3 Nc6 9. 0-0 0-0 10. Qc2 h6 11. Re1 Bf6 12. Bf4 Re8 13. Re3 Qd7 14. Nd2 Ne5 15. Rae1 Nxd3 16. Qxd3 Bh4 17. Qd4 Bf6 18. Qd3 Rad8 19. Ne4 Be5 20. Bxe5 dxe5 21. Qe2 Qc6 22. b3 Bf5 23. h3 Bg6 24. Ng3 Qd6 25. Rxe5 Rxe5 26. Qxe5 Qxe5 27. Rxe5 Rd1+ 28. Kh2 Kf8 29. f4 f6 30. Re3 Rd2 31. Re2 Rd3 32. f5 Bf7 33. Ne4 b6 34. Kg1 a5 35. Kf2 a4 36. Rd2 Rxd2+ 37. Nxd2 axb3 38. axb3 Ke7 39. Ke3 Kd6 40. Kd4 g6 41. Ne4+ Ke7 42. fxg6 Bxg6 43. Kd5 f5 44. Nd2 Kd7 45. Nf3 c6+ 46. Ke5 f4 47. Kxf4 Bc2 48. Nd2 Ke6 49. g4 Kf6 50. h4 Bd1 51. b4 Be2 52. Ne4+ Ke6 53. Nd2 Kf6 54. g5+ hxg5+ 55. hxg5+ Ke6 56. Ke4 Bd1 57. Nf3 Bc2+ 1-0

[Event "GER-chT North U14"]
[Site "Magdeburg"]
[Date "2012.09.09"]
[Round "7.2"]
[White "Wanner, Lukas"]
[Black "Lemke, Berfin"]
[Result "1/2-1/2"]
[WhiteElo "1681"]
[BlackElo "1486"]
[PlyCount "108"]
[EventDate "2012.09.06"]
[EventType "team-swiss"]
[EventRounds "7"]
[EventCountry "GER"]
[SourceTitle "EXT 2015"]
[Source "ChessBase"]
[SourceDate "2014.11.20"]
[SourceVersion "1"]
[SourceVersionDate "2014.11.20"]
[SourceQuality "1"]
[WhiteTeam "Kiel Doppelbauer"]
[BlackTeam "Hamburg Koenigsspringer"]
[WhiteTeamCountry "GER"]
[BlackTeamCountry "GER"]

1. e4 c5 2. Nf3 d6 3. d4 cxd4 4. Nxd4 Nf6 5. Nc3 a6 6. Be2 e5 7. Nb3 Be6 8. f4 exf4 9. Bxf4 Be7 10. 0-0 0-0 11. Bf3 Nc6 12. Nd5 Bxd5 13. exd5 Ne5 14. Bxe5 dxe5 15. Re1 Qd6 16. c4 Nd7 17. Rc1 Rac8 18. Kh1 b6 19. g3 f5 20. Bg2 Qf6 21. d6 Qxd6 22. Qxd6 Bxd6 23. Bd5+ Kh8 24. Bb7 Rcd8 25. Bxa6 Nf6 26. Bb7 Ng4 27. Kg2 g6 28. h3 Nf6 29. a3 Rf7 30. Bc6 Rc7 31. Bb5 Ne4 32. Red1 Be7 33. Rxd8+ Bxd8 34. Rd1 Bf6 35. Nd2 Nd6 36. b3 Nxb5 37. cxb5 Rd7 38. Kf2 Bg5 39. Ke2 Bxd2 40. Rxd2 Ra7 41. a4 Kg7 42. Rd6 Rb7 43. Ke3 Kf7 44. Kf3 Ke7 45. Rc6 Kf7 46. Rd6 Kg7 47. Rc6 Kh6 48. Re6 e4+ 49. Kf4 Kg7 50. Rd6 Kf7 51. Ke3 Ke7 52. Rc6 Kd7 53. Rf6 Ke7 54. Rc6 Kd7 1/2-1/2

[Event "GER-chT North U14"]
[Site "Magdeburg"]
[Date "2012.09.07"]
[Round "3.2"]
[White "Lemke, Berfin"]
[Black "Trotzke, Johannes"]
[Result "1-0"]
[WhiteElo "1486"]
[BlackElo "1351"]
[PlyCount "63"]
[EventDate "2012.09.06"]
[EventType "team-swiss"]
[EventRounds "7"]
[EventCountry "GER"]
[SourceTitle "EXT 2015"]
[Source "ChessBase"]
[SourceDate "2014.11.20"]
[SourceVersion "1"]
[SourceVersionDate "2014.11.20"]
[SourceQuality "1"]
[WhiteTeam "Hamburg Koenigsspringer"]
[BlackTeam "Berlin Empor"]
[WhiteTeamCountry "GER"]
[BlackTeamCountry "GER"]

1. e4 d5 2. Nc3 d4 3. Nce2 Nf6 4. Ng3 g6 5. Bc4 Bg7 6. Nf3 c5 7. d3 0-0 8. 0-0 a6 9. a3 Nc6 10. Ng5 b6 11. f4 Bb7 12. Qf3 Ra7 13. Ne2 Ne8 14. Qh3 h6 15. f5 Bc8 16. Nxf7 Rxf7 17. Bxf7+ Kxf7 18. Bxh6 Nf6 19. Qh4 Qh8 20. fxg6+ Kg8 21. Bg5 Qxh4 22. Bxh4 Ne5 23. Nf4 Bh6 24. Bxf6 exf6 25. h3 Bxf4 26. Rxf4 Kg7 27. Raf1 Nxg6 28. Rxf6 b5 29. Rc6 Ne7 30. Rxc5 Kg6 31. h4 Ng8 32. Rxc8 1-0

[Event "GER-chT North U14"]
[Site "Magdeburg"]
[Date "2012.09.07"]
[Round "4.2"]
[White "Ngo, Minh Duc"]
[Black "Lemke, Berfin"]
[Result "1-0"]
[WhiteElo "1582"]
[BlackElo "1486"]
[PlyCount "123"]
[EventDate "2012.09.06"]
[EventType "team-swiss"]
[EventRounds "7"]
[EventCountry "GER"]
[SourceTitle "EXT 2015"]
[Source "ChessBase"]
[SourceDate "2014.11.20"]
[SourceVersion "1"]
[SourceVersionDate "2014.11.20"]
[SourceQuality "1"]
[WhiteTeam "Wildeshausen"]
[BlackTeam "Hamburg Koenigsspringer"]
[WhiteTeamCountry "GER"]
[BlackTeamCountry "GER"]

1. e4 c5 2. Nf3 d6 3. d4 cxd4 4. Nxd4 Nf6 5. Nc3 a6 6. Be2 e5 7. Nb3 Be6 8. Bg5 Be7 9. 0-0 Nbd7 10. Kh1 0-0 11. f4 exf4 12. Bxf4 Ne5 13. Nd4 Ng6 14. Bg3 Qd7 15. Nxe6 Qxe6 16. Bf3 Rfd8 17. Nd5 Rab8 18. c3 Ne5 19. Bxe5 dxe5 20. Qe2 Rd6 21. Rad1 Rbd8 22. c4 Rc6 23. Rd2 Rdc8 24. Nxf6+ Bxf6 25. Bg4 Qxc4 26. Bxc8 Qxe2 27. Rxe2 Rxc8 28. g3 h6 29. Rd1 Rc7 30. Kg2 Kf8 31. Rd3 Ke8 32. h4 Be7 33. Rc3 Rd7 34. Rc8+ Bd8 35. a3 Ke7 36. Rcc2 Rd6 37. Red2 g6 38. Rxd6 Kxd6 39. Rd2+ Ke7 40. Kf3 Bb6 41. Ke2 Ke6 42. Rd3 Bd4 43. g4 b6 44. b3 a5 45. Rf3 Bb2 46. a4 Bd4 47. Kd3 Bc5 48. Kc4 Bd4 49. g5 h5 50. b4 axb4 51. Kxb4 Bc5+ 52. Kb5 Bd4 53. Rf6+ Ke7 54. Rxb6 Bxb6 55. Kxb6 f5 56. gxf6+ Kxf6 57. a5 g5 58. hxg5+ Kxg5 59. a6 Kf4 60. a7 Kxe4 61. a8Q+ Ke3 62. Qh1 1-0

[Event "GER-chT Lands U21"]
[Site "Xanten"]
[Date "2011.11.01"]
[Round "3.6"]
[White "Lemke, Berfin"]
[Black "Buckels, Valentin"]
[Result "0-1"]
[WhiteElo "1593"]
[BlackElo "1699"]
[PlyCount "88"]
[EventDate "2011.10.31"]
[EventType "team-swiss"]
[EventRounds "7"]
[EventCountry "GER"]
[SourceTitle "EXT 2022"]
[Source "ChessBase"]
[SourceDate "2021.10.06"]
[SourceVersion "1"]
[SourceVersionDate "2021.10.06"]
[SourceQuality "1"]
[WhiteTeam "Hamburg U21"]
[BlackTeam "Nordrhein Westfalen U21 II"]
[WhiteTeamCountry "GER"]
[BlackTeamCountry "GER"]

1. e4 c5 2. Nf3 d6 3. d4 cxd4 4. Nxd4 Nf6 5. Nc3 g6 6. Be2 Bg7 7. 0-0 0-0 8. Re1 Nc6 9. Nb3 Be6 10. Bf1 a5 11. a4 Nd7 12. Bg5 h6 13. Bh4 Rc8 14. Rb1 Nb6 15. Ra1 Bc4 16. Qd2 Bxf1 17. Kxf1 Nc4 18. Qc1 Nb4 19. e5 dxe5 20. Rd1 Qe8 21. Nd2 Nxd2+ 22. Qxd2 g5 23. Bg3 f5 24. f3 Qc6 25. Ra3 Qc4+ 26. Kg1 Kh7 27. Be1 Rfd8 28. Qc1 Rxd1 29. Qxd1 Qd4+ 30. Qxd4 exd4 31. Ne2 Nxc2 32. Bxa5 Nxa3 33. bxa3 Ra8 34. Bb4 Rxa4 35. Nc1 Ra6 36. Nd3 e5 37. Nf2 Rc6 38. h3 Rc1+ 39. Kh2 Rc2 40. Kg1 Rc1+ 41. Kh2 Rf1 42. Nh1 e4 43. Ng3 Be5 44. fxe4 fxe4 0-1

[Event "GER-ch U14 Girls"]
[Site "Oberhof"]
[Date "2011.06.18"]
[Round "9"]
[White "Nitzsche, Pia"]
[Black "Lemke, Berfin"]
[Result "1/2-1/2"]
[WhiteElo "1590"]
[BlackElo "1592"]
[PlyCount "51"]
[EventDate "2011.06.11"]
[EventType "swiss"]
[EventRounds "9"]
[EventCountry "GER"]
[SourceTitle "CBM 142 Extra"]
[Source "ChessBase"]
[SourceDate "2011.06.27"]
[SourceVersion "1"]
[SourceVersionDate "2011.06.27"]
[SourceQuality "1"]

1. c4 e5 2. Nc3 Nf6 3. d3 c6 4. Nf3 d6 5. g3 Be7 6. Bg2 Be6 7. 0-0 Nbd7 8. a3 0-0 9. b4 Ng4 10. Rb1 Rc8 11. Bd2 f5 12. e3 Qe8 13. Qe2 Qh5 14. h3 Ngf6 15. Ne1 Qg6 16. b5 Bd8 17. bxc6 bxc6 18. Nc2 Nh5 19. Bf3 Nhf6 20. Kh2 Qh6 21. Rh1 Bb6 22. Kg1 Qg6 23. Nb4 Nb8 24. Bg2 Nh5 25. Bf3 Nf6 26. Bg2 1/2-1/2

[Event "GER-ch U14 Girls"]
[Site "Oberhof"]
[Date "2011.06.12"]
[Round "1"]
[White "Schwarz, Larissa"]
[Black "Lemke, Berfin"]
[Result "1-0"]
[WhiteElo "1748"]
[BlackElo "1592"]
[PlyCount "119"]
[EventDate "2011.06.11"]
[EventType "swiss"]
[EventRounds "9"]
[EventCountry "GER"]
[SourceTitle "CBM 142 Extra"]
[Source "ChessBase"]
[SourceDate "2011.06.27"]
[SourceVersion "1"]
[SourceVersionDate "2011.06.27"]
[SourceQuality "1"]

1. e4 c5 2. Nc3 d6 3. f4 e6 4. Nf3 Nc6 5. Bb5 Nge7 6. 0-0 g6 7. d3 Bg7 8. Be3 a6 9. Bxc6+ Nxc6 10. e5 b6 11. exd6 Qxd6 12. Ne4 Qd8 13. c3 0-0 14. Qe2 Bb7 15. Rad1 Qc7 16. Nfd2 Ne7 17. Nc4 Nf5 18. Bf2 Rfd8 19. g4 Ne7 20. Bh4 Bxe4 21. Qxe4 Re8 22. Bxe7 Qxe7 23. Nxb6 Rab8 24. Nc4 Qh4 25. Qf3 Qe7 26. Rde1 Qc7 27. f5 exf5 28. gxf5 f6 29. Qd5+ Kf8 30. fxg6 hxg6 31. Nd6 Re7 32. Rxe7 Qxe7 33. Qxc5 Kg8 34. Rf2 Qe1+ 35. Kg2 Qe6 36. Qc4 Qxc4 37. Nxc4 Rd8 38. Rd2 Kf7 39. Kf3 Bh6 40. Rd1 f5 41. d4 Ke6 42. Ne3 g5 43. d5+ Kf6 44. h3 Bf8 45. c4 Bc5 46. Nc2 a5 47. b3 Rh8 48. Kg3 f4+ 49. Kg2 Rd8 50. a3 Re8 51. Kf3 Rh8 52. Rh1 Rb8 53. Rb1 Rh8 54. Kg2 Re8 55. Re1 Rxe1 56. Nxe1 Ke5 57. Nd3+ Kd4 58. Nxc5 Kxc5 59. Kf3 Kd6 60. h4 1-0

[Event "GER-chT U14 Girls"]
[Site "Gross Doelln"]
[Date "2010.12.29"]
[Round "6.1"]
[White "Edel, Fenja"]
[Black "Lemke, Berfin"]
[Result "0-1"]
[WhiteElo "1203"]
[BlackElo "1509"]
[PlyCount "70"]
[EventDate "2010.12.27"]
[EventType "team-swiss"]
[EventRounds "7"]
[EventCountry "GER"]
[SourceTitle "CBM 140 Extra"]
[Source "ChessBase"]
[SourceDate "2011.03.01"]
[SourceVersion "1"]
[SourceVersionDate "2011.03.01"]
[SourceQuality "1"]
[WhiteTeam "Lingen"]
[BlackTeam "Hamburg Diogenes"]
[WhiteTeamCountry "GER"]
[BlackTeamCountry "GER"]

1. e4 e5 2. Nc3 Nf6 3. Bc4 Nc6 4. d3 Bc5 5. f4 d6 6. Nf3 Bg4 7. Na4 Bb6 8. Nxb6 axb6 9. 0-0 0-0 10. Qe1 Nh5 11. f5 Bxf3 12. Rxf3 Nd4 13. Rh3 Nf4 14. Bxf4 Nxc2 15. Qc1 Nxa1 16. Be3 b5 17. Bxf7+ Rxf7 18. Qxa1 d5 19. a3 Rd7 20. Qa2 Kh8 21. Rf3 dxe4 22. dxe4 Rd1+ 23. Rf1 Rxf1+ 24. Kxf1 Qd3+ 25. Kf2 Rf8 26. Qe6 Qxe4 27. Qe7 Rxf5+ 28. Ke2 Qxg2+ 29. Kd3 Qd5+ 30. Ke2 e4 31. Qe8+ Qg8 32. Qxe4 Qc4+ 33. Qxc4 bxc4 34. Kd2 g5 35. Kc3 h5 0-1

[Event "GER-chT DLM U20"]
[Site "Stuttgart"]
[Date "2010.11.20"]
[Round "6.6"]
[White "Lemke, Berfin"]
[Black "Duessler, Stefanie"]
[Result "0-1"]
[WhiteElo "1442"]
[BlackElo "1951"]
[PlyCount "102"]
[EventDate "2010.11.17"]
[EventType "team-tourn"]
[EventRounds "7"]
[EventCountry "GER"]
[SourceTitle "EXT 2022"]
[Source "ChessBase"]
[SourceDate "2021.10.06"]
[SourceVersion "1"]
[SourceVersionDate "2021.10.06"]
[SourceQuality "1"]
[WhiteTeam "Hamburg U20"]
[BlackTeam "Niedersachsen U20"]
[WhiteTeamCountry "GER"]
[BlackTeamCountry "GER"]

1. e4 d5 2. exd5 Qxd5 3. Nc3 Qa5 4. d4 Bf5 5. Bc4 c6 6. Nf3 Nf6 7. Bd2 Qc7 8. 0-0 Nbd7 9. Re1 e6 10. Ne5 Bd6 11. Qe2 Nb6 12. Bd3 Bxd3 13. Qxd3 0-0-0 14. Qe2 Rhg8 15. a4 Nbd5 16. Nxd5 Nxd5 17. c4 Nb4 18. Bxb4 Bxb4 19. Red1 Bd6 20. Nf3 g5 21. c5 Bf8 22. b4 Rd5 23. b5 Bg7 24. a5 g4 25. Ne1 Bxd4 26. b6 Qb8 27. bxa7 Qxa7 28. Ra2 Rgd8 29. Rb1 Bxc5 30. a6 b6 31. Qxg4 h5 32. Qe2 Kb8 33. g3 Qd7 34. Nf3 f6 35. Qe4 Ka7 36. Kg2 Rg8 37. h4 Rg4 38. Qc2 e5 39. Nh2 Rg8 40. Nf3 Re8 41. Nd2 f5 42. Nc4 f4 43. Nd2 Rd4 44. Ne4 Qd5 45. f3 Rd3 46. Rf1 Rg8 47. Ng5 Be3 48. Ne4 Qd7 49. Qe2 Rd4 50. Kh2 Qe7 51. Qg2 fxg3+ 0-1

[Event "Pinneberg-ch"]
[Site "Pinneberg"]
[Date "2010.09.02"]
[Round "2"]
[White "Lemke, Berfin"]
[Black "Hagenlueke, Thomas"]
[Result "0-1"]
[WhiteElo "1440"]
[BlackElo "1967"]
[PlyCount "72"]
[EventDate "2010.08.26"]
[EventType "swiss"]
[EventRounds "7"]
[EventCountry "GER"]
[SourceTitle "EXT 2011"]
[Source "ChessBase"]
[SourceDate "2010.11.26"]
[SourceVersion "1"]
[SourceVersionDate "2010.11.26"]
[SourceQuality "1"]

1. e4 c6 2. d4 d5 3. Nc3 dxe4 4. Nxe4 Bf5 5. Ng3 Bg6 6. h4 h6 7. h5 Bh7 8. Nf3 Nd7 9. Bd3 Bxd3 10. Qxd3 e6 11. Bf4 Qa5+ 12. c3 Ngf6 13. Bd2 Rd8 14. c4 Qc7 15. 0-0-0 Be7 16. Bc3 0-0 17. Qe3 b5 18. c5 Nd5 19. Qd2 Nxc3 20. Qxc3 Nf6 21. Ne5 Rd5 22. Rhe1 Rfd8 23. Kb1 Nd7 24. Ne2 Nxe5 25. Nf4 R5d7 26. Rxe5 Bf6 27. Re4 e5 28. Ne2 Rd5 29. Qe3 Qd7 30. f3 exd4 31. Nxd4 Bxd4 32. Qc1 Bf6 33. Rxd5 Qxd5 34. Re1 Qd3+ 35. Ka1 Qd2 36. Qxd2 Rxd2 0-1

[Event "Harburg-chH 8th"]
[Site "Hamburg"]
[Date "2010.08.22"]
[Round "5"]
[White "Grube, Bernd"]
[Black "Lemke, Berfin"]
[Result "1/2-1/2"]
[WhiteElo "1421"]
[BlackElo "1436"]
[PlyCount "66"]
[EventDate "2010.08.20"]
[EventType "tourn"]
[EventRounds "5"]
[EventCountry "GER"]
[SourceTitle "EXT 2012"]
[Source "ChessBase"]
[SourceDate "2011.11.24"]
[SourceVersion "1"]
[SourceVersionDate "2011.11.24"]
[SourceQuality "1"]

1. d4 d5 2. Bf4 Nf6 3. e3 e6 4. Nf3 Bd6 5. Bxd6 Qxd6 6. Bd3 0-0 7. Nbd2 Re8 8. 0-0 Nbd7 9. c4 c6 10. Qc2 e5 11. dxe5 Nxe5 12. Nxe5 Qxe5 13. Nf3 Qh5 14. h3 Ne4 15. Rfe1 Bxh3 16. Nh2 Bf5 17. Nf1 Re6 18. f3 Nd6 19. cxd5 cxd5 20. Ng3 Bxd3 21. Qxd3 Qg5 22. Nf1 Rae8 23. Rad1 Rg6 24. Rd2 Qh4 25. Rde2 Re5 26. Qd4 Qxd4 27. exd4 Rxe2 28. Rxe2 Re6 29. Rc2 Nc4 30. Kf2 Kf8 31. b3 Nb6 32. Ne3 Rc6 33. Rc5 Rd6 1/2-1/2

[Event "GER-ch U12"]
[Site "Oberhof"]
[Date "2010.05.29"]
[Round "11"]
[White "Lemke, Berfin"]
[Black "Wendland, Tobias"]
[Result "1-0"]
[WhiteElo "1318"]
[BlackElo "1630"]
[PlyCount "39"]
[EventDate "2010.05.22"]
[EventType "swiss"]
[EventRounds "11"]
[EventCountry "GER"]
[SourceTitle "CBM 136 Extra"]
[Source "ChessBase"]
[SourceDate "2010.07.02"]
[SourceVersion "2"]
[SourceVersionDate "2010.07.15"]
[SourceQuality "1"]

1. e4 e6 2. Nf3 d5 3. e5 c5 4. b4 cxb4 5. a3 Nc6 6. axb4 Bxb4 7. c3 Be7 8. d4 Bd7 9. Bd3 Qb6 10. 0-0 Bd8 11. Ng5 Bxg5 12. Bxg5 Nge7 13. Na3 0-0 14. Nb5 Nc8 15. Qh5 h6 16. Bf6 Nxe5 17. dxe5 Bxb5 18. Qg4 g5 19. Qh5 Bxd3 20. Qxh6 1-0